Demons defeated / (Record no. 3374)

MARC details
000 -LEADER
fixed length control field 00466nam a22001817a 4500
003 - CONTROL NUMBER IDENTIFIER
control field GBCCL
005 - DATE AND TIME OF LATEST TRANSACTION
control field 20241126110453.0
008 - FIXED-LENGTH DATA ELEMENTS--GENERAL INFORMATION
fixed length control field 171127b xxu||||| |||| 00| 0 eng d
020 ## - INTERNATIONAL STANDARD BOOK NUMBER
International Standard Book Number 1852401850
040 ## - CATALOGING SOURCE
Transcribing agency GBC
082 ## - DEWEY DECIMAL CLASSIFICATION NUMBER
Classification number 235.4
Item number SUB
100 ## - MAIN ENTRY--PERSONAL NAME
Personal name Subritzky, Bill
9 (RLIN) 6892
245 ## - TITLE STATEMENT
Title Demons defeated /
Statement of responsibility, etc. Bill Subritzsky
260 ## - PUBLICATION, DISTRIBUTION, ETC.
Place of publication, distribution, etc. Auckland:
Name of publisher, distributor, etc. Foreign World Ltd.,
Date of publication, distribution, etc. 1996
300 ## - PHYSICAL DESCRIPTION
Extent 254p.;
Dimensions 20 cm.
650 ## - SUBJECT ADDED ENTRY--TOPICAL TERM
Topical term or geographic name entry element Spiritual Warfare
9 (RLIN) 576
942 ## - ADDED ENTRY ELEMENTS (KOHA)
Source of classification or shelving scheme Dewey Decimal Classification
Koha item type Books
Koha issues (borrowed), all copies 7
Holdings
Withdrawn status Lost status Source of classification or shelving scheme Damaged status Not for loan Home library Current Library Shelving location Date acquired Total checkouts Total renewals Full call number Barcode Date last seen Date last checked out Copy number Price effective from Koha item type
    Dewey Decimal Classification     GRACE BIBLE COLLEGE GRACE BIBLE COLLEGE Theology 2017-11-27 8 1 235.4 SUB 008882 2025-05-01 2025-02-19 c.1 2017-11-27 Books
© Grace Bible College Library 2025